Comic Book Teddy Bears Quiz Stats

Quiz Updated Aug 28, 2016

Challenge
Share
Tweet
Score 0/15 Timer 02:00
10 Plays Today
% Correct
Captain America
97%
Batman
96.9%
Spider-Man
96.7%
Superman
96.4%
Hulk
95.9%
Robin
94.9%
The Flash
94.5%
Wonder Woman
94.4%
% Correct
Supergirl
94.1%
Green Goblin
93.4%
Ant-Man
92.9%
Thor
91.5%
Iron Man
91.1%
Loki
90.5%
Green Lantern
87.7%

You're not logged in!

Compare scores with friends on all Sporcle quizzes.
Join for Free
OR
Log In

You Might Also Like...

Show Comments

Extras

Top Quizzes Today


Score Distribution

Your Account Isn't Verified!

In order to create a playlist on Sporcle, you need to verify the email address you used during registration. Go to your Sporcle Settings to finish the process.

Report this User

Report this user for behavior that violates our Community Guidelines.

Details: